00366nam a2200133 a 4500003000200000005001700002008004100019050002600060245004000086260003200126300000700158440005500165650001200220020170223135629.0070806s19uu xx 00 eng d aTR(GS 372.4bLET 1981 aThe letter people :N:bSkillbook 5. aU.S.A :bWorld book,c1981. a13 aA world book- Childcraft reading readiness program aReading